00829nam a2200229Ia 450000500170000000800410001702000150005804100080007308200160008110000400009724500870013725000220022430000400024665000310028665000500031765000390036726400700040633600270047633700330050333800280053604000350056420220316235705.0121119s2002 ck a gr 000 0 spa  a95868327320 aspa04a658.15 D18G1 aDavila Ladrón de Guevara, Ricardo10aGestión financiera en empresas cooperativas cRicardo Davila Ladrón de Guevara aPrimera edición a231 páginasbilustracionesc28 cm14aGestión financiera2LEMB14aCooperativasxPlanficación financiera2LEMB14aAdministración cooperativa2LEMB aSanta Fé de BogotábPontificia Universidad Javerianac[2002?] atextobtxt2rdacontent asin mediaciónbn2rdamedia avolumenbnc2rdacarrier aCO-BoRNBPbspaerdacCO-BoRNBP